000 00477nam a2200157Ia 4500
008 210210b2001 xxu||||| |||| 00| 0 eng d
020 _a81 87680 06 7
082 _a620.8 PANS
100 _aPANDEY (Ashok) and Others.
245 _aSolid state fermentation in biotechnology: fundamentals and applications.
260 _aND
_bAsiatech publishers
_c2001
300 _axi,221
650 _aSolid state fermentation biotechnology
690 _aBiotechnology
906 _aSG03824
999 _c114585
_d114585